000 00290nam a22001337a 4500
008 170907b xxu||||| |||| 00| 0 eng d
020 _a014005208156
041 _aeng
080 _a72
100 _a41
101 _aARK
245 _aKITCHENS & BATHS 1-2-3
_cHOLMS, J.P
942 _2udc
_cBK
999 _c26449
_d26449